000 00451nam a2200157 a 4500
001 000027163
005 20200930030637.0
008 110330s2012 dr 000 0 spa d
020 _a9789945165180
040 _aDO-SdBNP
_bspa
_cBNPHU
082 _axx x
_bxxx
100 1 _aHernández Polanco, Pura
_954227
245 1 4 _aLos pequeños catedráticos /
_cPura Hernández Polanco.
260 _aSanto Domingo :
_bBúho,
_c2012.
300 _a63 p. ;
_c19 cm.
999 _c26655
_d26655